000
00216nam a2200109Ia 4500
100
_a
#N/A
942
_c
BK
245
_a
Digit Dec 2013 SKOAR! The Interactive edn
260
_b
#N/A
546
_a
ENGLISH
999
_c
33344
_d
33344